000 00729nam a2200193 4500
001 113171
003 ES-MaACL
005 20231230062954.0
007 t|
008 061121s1943 sp r ||||1| spa d
100 1 _aNúñez Lagos, Rafael,
_d1902-1991
_986209
245 1 0 _aEstudios sobre el valor jurídico del documento notarial
_b: (notas de historia y exégesis) /
_cpor Rafael Núñez Lagos.
260 _aAlcalá de Henares :
_b[s. n.],
_c1945.
300 _a130 p. ;
_c24 cm.
500 _aConferencia desarrollada el día 5 de mayo de 1943 en la Academia Matritense del Notariado.
710 2 _aAcademia Matritense del Notariado.
_91205
852 _aES-MaACL
_jC-4970
_bR.25257
999 _c113171
_d113171